| 000 | 00544nam a2200205 a 4500 | ||
|---|---|---|---|
| 005 | 20210223121213.0 | ||
| 008 | 991125s1985 mx 000 0 spa u | ||
| 020 | _a8420511285 | ||
| 035 | _aUPN01000013964 | ||
| 049 | _aCG | ||
| 050 | 4 | _aQA76 A4.2 | |
| 100 | 1 | _aAma, C. del | |
| 245 | 1 | 3 |
_aEl desafio informático / _cC. del Ama |
| 260 |
_aMéxico : _bAlhambra, _c1985 |
||
| 300 | _a233 p | ||
| 440 | 0 |
_aExedra; _v148 |
|
| 650 | 4 |
_aSISTEMAS DE ALMACENAMIENTO Y RECUPERACION DE INFORMACION _96288 |
|
| 904 |
_aAC _b013965 |
||
| 905 | _aLibro | ||
| 999 |
_c13964 _d13964 |
||